Пятикнижие: дорога к свободе

Detaylı Bibliyografya
Yazar: Чистяков Г. Георгий
Özet:Эта книга представляет собой цикл бесед замечательного русского священника, ученого и писателя Георгия Петровича Чистякова (1953-2007), посвященных толкованию первых пяти книг Библии. Отец Георгий показывает, что при всех трудностях и превратностях наших судеб мы должны постоянно учиться у героев библейских повествований воспринимать Божий мир как неоценимый подарок каждому из нас. Свобода - осознанная свобода в Боге, осознанная свобода во Христе - в конечном счете, выводит нас из тупиков внешних исторических обстоятельств...
Dil:Rusça
Baskı/Yayın Bilgisi: Москва, Центр книги Рудомино, 2011
Konular:
Materyal Türü: Kitap
KOHA link:https://koha.lib.tpu.ru/cgi-bin/koha/opac-detail.pl?biblionumber=252899

MARC

LEADER 00000nam0a2200000 4500
001 252899
005 20231101232807.0
010 |a 9785738003882 
035 |a (RuTPU)RU\TPU\book\275265 
090 |a 252899 
100 |a 20140306d2011 km y0rusy50 ca 
101 0 |a rus 
102 |a RU 
105 |a y z 000zy 
200 1 |a Пятикнижие: дорога к свободе  |f Г. Чистяков 
210 |a Москва  |c Центр книги Рудомино  |d 2011 
215 |a 416 с. 
330 |a Эта книга представляет собой цикл бесед замечательного русского священника, ученого и писателя Георгия Петровича Чистякова (1953-2007), посвященных толкованию первых пяти книг Библии. Отец Георгий показывает, что при всех трудностях и превратностях наших судеб мы должны постоянно учиться у героев библейских повествований воспринимать Божий мир как неоценимый подарок каждому из нас. Свобода - осознанная свобода в Боге, осознанная свобода во Христе - в конечном счете, выводит нас из тупиков внешних исторических обстоятельств... 
606 1 |a Ветхий Завет  |2 stltpush  |3 (RuTPU)RU\TPU\subj\2338  |9 30918 
610 1 |a религия 
610 1 |a христианство 
610 1 |a Библия 
610 1 |a богословие 
610 1 |a история 
686 |a Э37-21  |v LBC/SL-A  |2 rubbk 
700 1 |a Чистяков  |b Г.  |g Георгий 
801 1 |a RU  |b 63413507  |c 20140306 
801 2 |a RU  |b 63413507  |c 20140317  |g RCR 
942 |c BK